000 01019nam a2200253Ia 4500
003 OSt
005 20221005104211.0
006 a|||||r|||| 00| 0
007 ta
008 221004b |||||||| |||| 00| 0 hin d
020 _a9788183152105 (hbk)
_c700
024 _a2365
037 _b369, 21/01/2013, Eastern Book Linkers
_cTextual
040 _aCRL
_cCRL
_bhin
041 _2hin
_ahin
082 _aNA44,2:3(Delta:864), 152Q3
100 _aमुनि, दीपेश
245 0 _aवास्तु एंव ज्योतिड्ढ विज्ञान
_b जैन आगमों में
246 _aVāstu eanva jyotiḍḍha vijnyāna: jain āgamoan mean
260 _aदिल्ली
_bन्यू भारतीय बुक कॉरपोरेशन भारत
_c2013
300 _a312पृ0
_ccm.
942 _hNA44,2:3(Delta:864), 152Q3
_cTEXL
_2cc
999 _c1012009
_d1012009